| 000 | 00554nam a22001697a 4500 | ||
|---|---|---|---|
| 003 | OSt | ||
| 008 | 250224b |||||||| |||| 00| 0 eng d | ||
| 041 | _aeng | ||
| 082 |
_a664.02 _bRIZ/SE |
||
| 100 |
_aRizvi, Syed SH; ed. _97256 |
||
| 245 | _aSeparation, Extraction and Concentration Processes in the Food , Beverage and Nutraceutical Industries | ||
| 250 | _aReprint | ||
| 260 |
_aCambridge, UK: _bWoodhead Publishing, _c2011. |
||
| 300 | _a665p. | ||
| 490 | _aWoodhead Publishing Series in Food Science, Technology and Nutrition: No.2 | ||
| 942 | _cBK | ||
| 999 |
_c19453 _d19453 |
||